000 00714nam a2200229Ia 4500
003 IN-BaIIA
008 211028s9999 xx 000 0 eng d
020 _a90-277-0159-8
040 _cIIA Library
080 _a52(082.1)
_bASS-20
245 0 _aEarthquake displacement fields and the rotation of the earth
_cEdited by Mansinha, L., Smylie, D. E. And Beck, A.E. 
260 _aDordrecht
_bD. Reidel Publishing
_c1970
300 _a[various pagings.]
650 _aAstronomy and astrophysics thesaurus
650 _aEarth
650 _aPlanets
_9971
650 _aSolar system
700 _aBeck, A. E., ed.
_99761
700 _aMansinha, L., ed.
_99762
700 _aSmylie, D. E., ed.
_99763
942 _cBK
999 _c5624
_d5624